From third world to world class : the future of emerging markets in the global economy.
| Main Author: | |
|---|---|
| Format: | Book |
| Published: |
[s.l]:
Perseus Books,
1998.
|
| Subjects: |
| LEADER | 00469cam a2200157 7i4500 | ||
|---|---|---|---|
| 001 | 0000013449 | ||
| 005 | 20040214090000.0 | ||
| 020 | 0 | 0 | |a 0738201324 |
| 090 | 0 | 0 | |a B 338.9 |b MAR |
| 100 | 1 | 0 | |a Marber |
| 245 | 1 | 0 | |a From third world to world class : |b the future of emerging markets in the global economy. |
| 260 | 0 | 0 | |a [s.l]: |b Perseus Books, |c 1998. |
| 300 | # | # | |a 272 p. |
| 650 | 0 | 0 | |a Economic survey |
| 650 | 0 | 0 | |a Globalization |
| 999 | |a B000011487 |b Book |c Book |e Business Information Centre | ||


